Missing Word: Rock Bands 2 Quiz Stats

 Plays Quiz not verified by Sporcle

Challenge
Share
Tweet
Embed
Score 0/30 Timer 03:00
0 Plays Today
% Correct
Skynyrd
97.8%
Jovi
97.8%
Billy
94.6%
Doubt
94.6%
Linkin
94.6%
Sister
94.6%
Doors
92.4%
Green
92.4%
Skid
92.4%
Simple
91.3%
Third
89.1%
Days
87%
Springfield
84.8%
Patrol
84.8%
Found
83.7%
% Correct
Anything
80.4%
Savage
80.4%
Plan
79.3%
Reel
77.2%
Flogging
76.1%
White
76.1%
Tops
75%
Murphys
67.4%
Cage
60.9%
Finger
55.4%
Powerman
52.2%
Force
50%
Ferris
48.9%
Eve
46.7%
Caddies
43.5%

You're not logged in!

Compare scores with friends on all Sporcle quizzes.
Join for Free
OR
Log In

You Might Also Like...

Show Comments

Extras

Top Quizzes Today


Score Distribution

Your Account Isn't Verified!

In order to create a playlist on Sporcle, you need to verify the email address you used during registration. Go to your Sporcle Settings to finish the process.

Report this User

Report this user for behavior that violates our Community Guidelines.

Details: